[Event "OLNW 2324 SK Union Oldenburg - SK Rickli"]
[Site "?"]
[Date "2024.04.28"]
[Round "9.5"]
[White "Herrmann, Andreas"]
[Black "Wagner, Jan"]
[Result "0-1"]
[WhiteElo "2004"]
[BlackElo "2124"]
[PlyCount "104"]
[EventDate "2024.??.??"]

1. d4 g6 2. Nf3 Bg7 3. c3 d6 4. Bf4 Nd7 5. e3 e5 6. dxe5 dxe5 7. Bg3 Qe7 8. Nbd2 Ngf6 9. h3 O-O 10. Be2 b6 11. O-O Bb7 12. a4 a5 13. Nc4 Rad8 14. Qb1 Ne4 15. Bh2 Ndc5 16. Rd1 f6 17. Rxd8 Rxd8 18. Qe1 Bc6 19. Qb1 Qe8 20. Bd1 Nd3 21. Bb3 Kh8 22. Bg3 Nxg3 23. fxg3 Nc5 24. Bc2 Bh6 25. g4 Qe6 26. g5 Bf8 27. Qf1 Bd5 28. Ncd2 f5 29. Re1 Bc6 30. Nc4 Bg7 31. b3 Bd5 32. Rd1 Rd7 33. Na3 Qe7 34. b4 Ne6 35. Nc4 Nxg5 36. Nxg5 Qxg5 37. Rxd5 Rxd5 38. e4 Rd8 39. exf5 gxf5 40. bxa5 bxa5 41. Bxf5 Rf8 42. g4 h5 43. Qf3 Qf4 44. Qd3 Bf6 45. Qe4 Rd8 46. Qxf4 exf4 47. Nxa5 Bxc3 48. Nc6 Rd2 49. Ne7 f3 50. Kf1 Bd4 51. Ng6+ Kg7 52. Ke1 f2+ 0-1

[Event "OLNW 2324 SK Union Oldenburg - SK Rickli"]
[Site "?"]
[Date "2024.04.28"]
[Round "9.6"]
[White "Peters, Tom"]
[Black "Arntz, Christoph"]
[Result "1-0"]
[WhiteElo "2125"]
[BlackElo "1990"]
[PlyCount "65"]
[EventDate "2024.??.??"]

1. e4 c5 2. Nf3 e6 3. d4 cxd4 4. Nxd4 Nf6 5. Nc3 d6 6. g4 a6 7. g5 Ng8 8. Bg2 Nc6 9. Be3 Nge7 10. Qe2 Nxd4 11. Bxd4 Nc6 12. Be3 Be7 13. f4 Bd7 14. O-O-O O-O 15. Kb1 b5 16. Qf2 Rb8 17. h4 Na5 18. e5 d5 19. f5 Nc4 20. f6 Bb4 21. fxg7 Kxg7 22. Ne2 Nxe3 23. Qxe3 Rc8 24. Ng3 Be7 25. Bf1 Qc7 26. Nh5+ Kh8 27. Rh2 f5 28. gxf6 Bxf6 29. Nxf6 Rxf6 30. exf6 Qxh2 31. Bd3 Qxh4 32. Qe5 Qh6 33. Rg1 1-0

[Event "OLNW 2324 SK Union Oldenburg - SK Rickli"]
[Site "?"]
[Date "2024.04.28"]
[Round "9.7"]
[White "Witthaus, Joerg"]
[Black "Schuette, Marc"]
[Result "0-1"]
[WhiteElo "2025"]
[BlackElo "2129"]
[PlyCount "65"]
[EventDate "2024.??.??"]

1. d4 d5 2. Nf3 c6 3. c4 Nf6 4. Nc3 dxc4 5. a4 Bf5 6. e3 e6 7. Bxc4 Bb4 8. O-O O-O 9. Qe2 Nbd7 10. e4 Bg4 11. Rd1 Re8 12. e5 Nd5 13. Ne4 Bf5 14. Ng3 Bg6 15. h4 h6 16. h5 Bh7 17. Bd3 Nf8 18. Bxh7+ Nxh7 19. Qe4 a5 20. Nf1 f5 21. exf6 Ndxf6 22. Qh4 Qd5 23. Ne5 Rad8 24. Bf4 Be7 25. Ne3 Qb3 26. Ng6 Bd6 27. Bxd6 Rxd6 28. Qf4 Red8 29. Qe5 Qb4 30. Nf4 Ng5 31. Rac1 Nd7 32. Nc2 Nxe5 33. Nxb4 0-1

[Event "OLNW 2324 SK Union Oldenburg - SK Rickli"]
[Site "?"]
[Date "2024.04.28"]
[Round "9.8"]
[White "Heinemann, Ernst"]
[Black "Ploog, Martin"]
[Result "1/2-1/2"]
[WhiteElo "2055"]
[BlackElo "2003"]
[PlyCount "82"]
[EventDate "2024.??.??"]

1. e4 e5 2. Bc4 Nf6 3. d3 Bc5 4. Nf3 Nc6 5. Nc3 O-O 6. Bg5 h6 7. Bh4 Be7 8. h3 d6 9. g4 g5 10. Bg3 Nd4 11. Nxd4 exd4 12. Ne2 d5 13. exd5 Nxd5 14. O-O c5 15. Qd2 Kg7 16. Rae1 Bf6 17. Bh2 b6 18. Bxd5 Qxd5 19. Ng3 Bb7 20. f3 Rae8 21. b3 Kh7 22. Ne4 Bg7 23. f4 f5 24. gxf5 Rxf5 25. fxg5 Rxe4 26. Rxe4 Rxg5+ 27. Kf2 Qf5+ 28. Ke1 Qxh3 29. Ref4 Rg2 30. R4f2 Qxh2 31. Qe2 Rxf2 32. Rxf2 Qg1+ 33. Kd2 Bf6 34. Rf1 Qg3 35. Kd1 Qg6 36. Qe6 Kg7 37. Qd7+ Qf7 38. Qg4+ Qg6 39. Qd7+ Qf7 40. Qg4+ Kf8 41. Qf5 Kg7 1/2-1/2

[Event "OLNW 2324 Post SV Uelzen - SK Kirchweyhe"]
[Site "?"]
[Date "2024.04.28"]
[Round "9.1"]
[White "Zeitlein, Michael"]
[Black "Laubsch, Bernd"]
[Result "0-1"]
[WhiteElo "2337"]
[BlackElo "2202"]
[PlyCount "84"]
[EventDate "2024.??.??"]

1. d4 Nf6 2. Nf3 g6 3. Bg5 Bg7 4. c3 b6 5. Nbd2 Bb7 6. e3 O-O 7. a4 a5 8. Qc2 d5 9. Bd3 Nbd7 10. O-O c5 11. Rfe1 Rc8 12. Rad1 Ne8 13. Qb1 c4 14. Bc2 f5 15. Bf4 e6 16. Ne5 Nxe5 17. Bxe5 Nd6 18. Bxd6 Qxd6 19. f4 Bc6 20. Nf3 Rf7 21. Rd2 Rb7 22. Qa2 Be8 23. Rb1 Bf6 24. h3 h6 25. Ne5 Bxe5 26. dxe5 Qc5 27. Rd4 b5 28. axb5 Rxb5 29. Kh2 Kf7 30. g4 Rcb8 31. gxf5 gxf5 32. Ba4 R5b7 33. Bxe8+ Kxe8 34. Qa4+ Ke7 35. Qc2 Rb3 36. Qg2 Kf7 37. Qe2 Qf8 38. e4 fxe4 39. f5 Qg7 40. f6 Qg5 41. Rdd1 Qxe5+ 42. Kh1 Qf5 0-1

[Event "OLNW 2324 Post SV Uelzen - SK Kirchweyhe"]
[Site "?"]
[Date "2024.04.28"]
[Round "9.2"]
[White "Wiegmann, Sascha"]
[Black "Kuegel, Tobias"]
[Result "0-1"]
[WhiteElo "2300"]
[BlackElo "2420"]
[PlyCount "74"]
[EventDate "2024.??.??"]

1. Nf3 d5 2. g3 Nf6 3. Bg2 e6 4. O-O Be7 5. d3 O-O 6. Nbd2 c5 7. e4 Nc6 8. e5 Nd7 9. Re1 Qc7 10. Qe2 b5 11. h4 a5 12. Nf1 a4 13. a3 Ba6 14. h5 c4 15. d4 c3 16. bxc3 b4 17. Qe3 b3 18. h6 g6 19. cxb3 axb3 20. N1h2 Na5 21. Rb1 Nc4 22. Qf4 Rfb8 23. Ng5 Bxg5 24. Qxg5 b2 25. Bxb2 Rxb2 26. Rxb2 Nxb2 27. Bxd5 exd5 28. e6 f6 29. Qxd5 Nb6 30. Qf3 Qe7 31. d5 N2c4 32. Ng4 Rf8 33. Qd1 Bb7 34. Qd4 Bxd5 35. a4 Ba8 36. f3 Bxf3 37. Nxf6+ Qxf6 0-1

[Event "OLNW 2324 Post SV Uelzen - SK Kirchweyhe"]
[Site "?"]
[Date "2024.04.28"]
[Round "9.3"]
[White "Zaja, Ivan"]
[Black "Knuedel, Torben"]
[Result "1-0"]
[WhiteElo "2422"]
[BlackElo "2321"]
[PlyCount "55"]
[EventDate "2024.??.??"]

1. d4 Nf6 2. c4 e6 3. Nc3 Bb4 4. e3 O-O 5. Bd3 d6 6. Nf3 Re8 7. O-O e5 8. dxe5 dxe5 9. Nxe5 Qe7 10. Nf3 Bxc3 11. bxc3 Bg4 12. Qc2 Bxf3 13. gxf3 Nbd7 14. Kh1 Ne5 15. Be2 Qe6 16. Rg1 Rad8 17. Rb1 h5 18. c5 h4 19. Rb4 Qh3 20. Rf4 Nh5 21. Rf5 g6 22. Rxh5 Nd3 23. Bd1 Re5 24. f4 Rxh5 25. Bg4 Qxg4 26. Rxg4 h3 27. e4 Nxc5 28. Be3 1-0

[Event "OLNW 2324 Post SV Uelzen - SK Kirchweyhe"]
[Site "?"]
[Date "2024.04.28"]
[Round "9.4"]
[White "Bargsten, Justus"]
[Black "Genov, Petar"]
[Result "1/2-1/2"]
[WhiteElo "2194"]
[BlackElo "2408"]
[PlyCount "51"]
[EventDate "2024.??.??"]

1. e4 c5 2. Nf3 Nc6 3. d4 cxd4 4. Nxd4 Nf6 5. Nc3 e5 6. Ndb5 d6 7. Bg5 a6 8. Na3 b5 9. Nab1 Be7 10. Bxf6 Bxf6 11. a4 b4 12. Nd5 O-O 13. Nd2 a5 14. Bc4 Be6 15. O-O Rc8 16. Rc1 Bg5 17. c3 Rb8 18. b3 g6 19. cxb4 Bxd5 20. Bxd5 Nxb4 21. Bc4 d5 22. exd5 Nxd5 23. Bxd5 Qxd5 24. Nc4 Rfd8 25. Qxd5 Rxd5 26. Rcd1 1/2-1/2

[Event "OLNW 2324 Post SV Uelzen - SK Kirchweyhe"]
[Site "?"]
[Date "2024.04.28"]
[Round "9.6"]
[White "Askerov, Imamali"]
[Black "Vernacki, Srdjan"]
[Result "0-1"]
[WhiteElo "1993"]
[BlackElo "2265"]
[PlyCount "86"]
[EventDate "2024.??.??"]

1. e4 c5 2. c3 Nf6 3. e5 Nd5 4. d4 cxd4 5. Nf3 e6 6. cxd4 b6 7. Bc4 Ba6 8. Bxa6 Nxa6 9. O-O Be7 10. Bd2 O-O 11. Nc3 Nac7 12. Ne4 f5 13. exf6 Nxf6 14. Ng3 Nfd5 15. Ne5 Nf4 16. Ne4 g6 17. Qg4 Ncd5 18. g3 Nh5 19. Bh6 Nhf6 20. Qe2 Re8 21. Ng5 Bf8 22. Bxf8 Rxf8 23. Qd3 Qe7 24. Rac1 Ne8 25. h4 a6 26. a3 Nd6 27. Qd2 Nf5 28. Kg2 Kg7 29. Rh1 h6 30. Ne4 d6 31. Nc6 Qd7 32. h5 g5 33. Nb4 Qb7 34. Nxd5 Qxd5 35. Rc7+ Rf7 36. Rxf7+ Kxf7 37. Qc2 Ra7 38. Re1 Kg7 39. f3 Rf7 40. Qc3 Nxd4 41. Rd1 e5 42. Qe3 Nf5 43. Qe2 Qxd1 0-1

[Event "OLNW 2324 Post SV Uelzen - SK Kirchweyhe"]
[Site "?"]
[Date "2024.04.28"]
[Round "9.7"]
[White "Genova, Lyubka"]
[Black "Mittelstaedt, Hendrik"]
[Result "1-0"]
[WhiteElo "2234"]
[BlackElo "2021"]
[PlyCount "95"]
[EventDate "2024.??.??"]

1. e4 e5 2. Nf3 Nc6 3. Nc3 Nf6 4. d4 exd4 5. Nxd4 Bb4 6. Nxc6 bxc6 7. Bd3 O-O 8. O-O Re8 9. Qf3 Bxc3 10. bxc3 d6 11. Re1 Nd7 12. Qg3 Nc5 13. Bg5 f6 14. Bh6 Qe7 15. f3 Nxd3 16. cxd3 Ba6 17. d4 Kf8 18. Bf4 Qe6 19. h4 Rab8 20. h5 Rb5 21. Qh2 Rb2 22. e5 dxe5 23. dxe5 f5 24. h6 g6 25. Bg5 Bc4 26. Qf4 Reb8 27. Qd4 a6 28. Qa7 R8b7 29. Qc5+ Ke8 30. Rad1 Rb8 31. Rd4 Bxa2 32. Red1 Rb1 33. Rxb1 Rxb1+ 34. Kh2 Rb8 35. Bf6 Rc8 36. Qa3 Kf7 37. c4 c5 38. Qxc5 Ke8 39. Bg7 Kf7 40. Bf6 g5 41. Bxg5 Kg6 42. Bf6 a5 43. Qxa5 Bxc4 44. Qd2 Rg8 45. Rd7 f4 46. Rxc7 Bb5 47. Qxf4 Bd7 48. Qd2 1-0

[Event "OLNW 2324 Post SV Uelzen - SK Kirchweyhe"]
[Site "?"]
[Date "2024.04.28"]
[Round "9.8"]
[White "Bogomolow, Sergej"]
[Black "Silber, Kevin"]
[Result "0-1"]
[WhiteElo "2129"]
[BlackElo "2207"]
[PlyCount "128"]
[EventDate "2024.??.??"]

1. e4 e6 2. d4 d5 3. Nc3 Nf6 4. Bg5 dxe4 5. Nxe4 Nbd7 6. Nf3 h6 7. Nxf6+ Nxf6 8. Bh4 c5 9. c3 Be7 10. dxc5 Qxd1+ 11. Rxd1 Bxc5 12. Ne5 g5 13. Bg3 Ke7 14. h4 Rg8 15. hxg5 hxg5 16. f3 a6 17. Rh6 Ba7 18. Bd3 Bb8 19. Kf2 Ba7+ 20. Ke2 Bb8 21. Kf2 Ba7+ 22. Kf1 Bb8 23. Bh2 Nd7 24. Ng4 Rd8 25. Bg1 Ba7 26. Bh2 Nc5 27. Bc2 Rxd1+ 28. Bxd1 Bd7 29. Ne5 Be8 30. Rh7 Rd8 31. Ke2 Bb8 32. c4 Bxe5 33. Bxe5 Nd3 34. Bc7 Rd7 35. Bg3 Nxb2 36. Bb3 Nd3 37. Ba4 Nc1+ 38. Ke1 Rd8 39. Bc2 Nxa2 40. c5 Nc3 41. Bd6+ Kd7 42. Bg6 Kc6 43. Bxf7 Bxf7 44. Rxf7 Nb5 45. Rf8 Rxf8 46. Bxf8 Nd4 47. Be7 e5 48. Bxg5 Kxc5 49. Kd2 Kd5 50. Ke3 Ne6 51. Bf6 b5 52. g3 a5 53. f4 exf4+ 54. gxf4 Kc4 55. f5 Nc5 56. Bg7 Nd7 57. Ke4 b4 58. f6 a4 59. f7 a3 60. Ke3 Kb3 61. f8=Q Nxf8 62. Bxf8 a2 63. Bg7 Kc2 64. Ke4 b3 0-1

[Event "OLNW 2324 Delmenhorster SK - SK Nordhorn"]
[Site "?"]
[Date "2024.04.28"]
[Round "9.1"]
[White "Kroeze, Frank"]
[Black "Warakomski, Tomasz"]
[Result "0-1"]
[WhiteElo "2397"]
[BlackElo "2539"]
[PlyCount "104"]
[EventDate "2024.??.??"]

1. e4 c5 2. Nf3 d6 3. d4 cxd4 4. Qxd4 Nc6 5. Bb5 Bd7 6. Bxc6 Bxc6 7. Nc3 Nf6 8. Bg5 h6 9. Bxf6 gxf6 10. O-O-O Qa5 11. Kb1 Rg8 12. Rhg1 f5 13. Qd3 fxe4 14. Nxe4 O-O-O 15. Nd4 d5 16. Nxc6 bxc6 17. Nd2 e6 18. c4 dxc4 19. Qc2 c3 20. Qxc3 Qxc3 21. bxc3 Rg5 22. g3 Bg7 23. c4 Re5 24. Nb3 Re2 25. Rxd8+ Kxd8 26. Rd1+ Kc7 27. Rd2 Re4 28. Nc5 Re1+ 29. Kc2 Kb6 30. Nb3 a5 31. a4 Bf8 32. Rd1 Re2+ 33. Rd2 Re4 34. Rd8 Bb4 35. Kd3 Re1 36. Rb8+ Kc7 37. Ra8 Kb7 38. Rh8 Rb1 39. Kc2 Rf1 40. Rxh6 Rxf2+ 41. Kd3 e5 42. Rh7 Kb6 43. Ke4 Re2+ 44. Kf5 Re3 45. c5+ Ka6 46. Nc1 Bd2 47. Na2 Ra3 48. Kxe5 Rxa4 49. Kd6 Kb5 50. Rxf7 Rxa2 51. Rb7+ Kc4 52. Kxc6 Bb4 0-1

[Event "OLNW 2324 Delmenhorster SK - SK Nordhorn"]
[Site "?"]
[Date "2024.04.28"]
[Round "9.2"]
[White "Pahl, Theis"]
[Black "Rietman, Frits"]
[Result "1/2-1/2"]
[WhiteElo "2092"]
[BlackElo "2214"]
[PlyCount "87"]
[EventDate "2024.??.??"]

1. e4 d5 2. exd5 Qxd5 3. Nc3 Qd8 4. d4 Nf6 5. h3 Be6 6. Nf3 c6 7. Bd3 g6 8. Ng5 Bd5 9. Nxd5 cxd5 10. O-O Bg7 11. c3 O-O 12. Bf4 Nc6 13. Re1 Qd7 14. Nf3 Ne8 15. Qb3 Rc8 16. Qa3 a6 17. Qb3 Na5 18. Qb4 Nc6 19. Qb3 Na5 20. Qb6 Nc4 21. Bxc4 dxc4 22. Qb4 e6 23. d5 Qxd5 24. Rad1 Qb5 25. Qxb5 axb5 26. Nd4 Bxd4 27. Rxd4 Nf6 28. Bg5 Nd5 29. a3 Rfe8 30. g4 f6 31. Bh4 g5 32. Bg3 Kf7 33. f4 gxf4 34. Bxf4 Nb6 35. Rde4 Na4 36. R1e2 Nc5 37. R4e3 Rcd8 38. Rf3 Rd1+ 39. Kh2 Ke7 40. Bg3 Rg8 41. Bh4 Rg6 42. Rf5 b6 43. g5 fxg5 44. Bxg5+ 1/2-1/2

[Event "OLNW 2324 Delmenhorster SK - SK Nordhorn"]
[Site "?"]
[Date "2024.04.28"]
[Round "9.3"]
[White "Oehne, Timo"]
[Black "Pahl, Erik"]
[Result "1-0"]
[WhiteElo "2152"]
[BlackElo "2171"]
[PlyCount "153"]
[EventDate "2024.??.??"]

1. Nf3 d5 2. g3 Nf6 3. Bg2 Bf5 4. d4 e6 5. O-O Nbd7 6. c4 c6 7. Nc3 Be7 8. Nh4 Bg4 9. h3 Bh5 10. g4 Bg6 11. Qb3 Qc7 12. Nxg6 hxg6 13. Re1 Rd8 14. cxd5 exd5 15. e4 dxe4 16. g5 Nh5 17. Rxe4 Nb6 18. Bf3 Nc8 19. Bd2 Nd6 20. Re5 Nf5 21. Rae1 Kf8 22. Qd1 Bd6 23. Rxf5 gxf5 24. Bxh5 g6 25. Bf3 Rxh3 26. Bg2 Rd3 27. Ne2 c5 28. Qc2 c4 29. Bc3 Re8 30. Nc1 Rxe1+ 31. Bxe1 Rxd4 32. Kf1 Bc5 33. Ne2 Rg4 34. Qc3 Rxg5 35. Qh8+ Ke7 36. Nc3 Qd6 37. Nd5+ Kd7 38. Bc3 Qf8 39. Nf6+ Kc8 40. Qh4 Rxg2 41. Kxg2 Qd6 42. Qxc4 Qc6+ 43. f3 g5 44. Qxf7 g4 45. Qe8+ Qxe8 46. Nxe8 gxf3+ 47. Kxf3 Kd7 48. Ng7 Kc6 49. Nxf5 a6 50. Ke4 Bf8 51. Nd4+ Kb6 52. Kd5 Be7 53. Ke6 Bh4 54. Kd5 Be7 55. a4 Kc7 56. Nf5 Bg5 57. b4 Bc1 58. Be5+ Kd7 59. a5 Bd2 60. Bd6 Be1 61. Nd4 Bf2 62. Be5 Be1 63. Kc5 Bf2 64. Kb6 Kc8 65. Ka7 Be3 66. Ka8 Bf2 67. Ne2 b6 68. Bd4 bxa5 69. bxa5 Be1 70. Nc3 Bg3 71. Ka7 Bd6 72. Nd5 Kd7 73. Kb7 Ba3 74. Nb6+ Ke6 75. Bc3 Bc5 76. Kxa6 Kd6 77. Kb7 1-0

[Event "OLNW 2324 Delmenhorster SK - SK Nordhorn"]
[Site "?"]
[Date "2024.04.28"]
[Round "9.4"]
[White "Mossakowski, Florian"]
[Black "Stotyn, Fabian"]
[Result "1/2-1/2"]
[WhiteElo "2285"]
[BlackElo "2128"]
[PlyCount "66"]
[EventDate "2024.??.??"]

1. e4 c5 2. Nf3 Nf6 3. e5 Nd5 4. Nc3 e6 5. Nxd5 exd5 6. d4 Nc6 7. dxc5 Bxc5 8. Qxd5 Qb6 9. Bc4 Bxf2+ 10. Ke2 O-O 11. Rd1 d6 12. exd6 Bg4 13. Kf1 Rae8 14. Qb5 Bxf3 15. gxf3 Re5 16. Qxb6 Bxb6 17. c3 Rd8 18. Bf4 Rf5 19. Bg3 Ne5 20. Bd5 Nxf3 21. Bxf3 Rxf3+ 22. Kg2 Re3 23. Re1 f5 24. Bf4 Rxe1 25. Rxe1 Rd7 26. b4 a5 27. a3 Kf7 28. h4 Bd8 29. Kh3 Bf6 30. c4 Bb2 31. Re3 axb4 32. axb4 Bc1 33. Rf3 Bxf4 1/2-1/2

[Event "OLNW 2324 Delmenhorster SK - SK Nordhorn"]
[Site "?"]
[Date "2024.04.28"]
[Round "9.5"]
[White "Schulz, Jens"]
[Black "Hedke, Fred"]
[Result "1/2-1/2"]
[WhiteElo "2150"]
[BlackElo "2194"]
[PlyCount "133"]
[EventDate "2024.??.??"]

1. e4 e5 2. Nf3 Nc6 3. Bb5 Nge7 4. O-O g6 5. c3 Bg7 6. d4 exd4 7. cxd4 d5 8. exd5 Nxd5 9. Re1+ Be6 10. Nc3 O-O 11. h3 h6 12. Bxc6 bxc6 13. Ne4 Bf5 14. Ng3 Be6 15. Qd2 Re8 16. b3 Ne7 17. Ba3 Bd5 18. Ne5 Nc8 19. Rad1 Nd6 20. Qc2 Qh4 21. Bb2 Re6 22. Re3 Rae8 23. Rde1 Kh7 24. Kh2 f5 25. Nf3 Qf6 26. Rxe6 Rxe6 27. Rxe6 Qxe6 28. Ne5 Ne4 29. Ne2 g5 30. f3 Nd6 31. Ng3 Kg8 32. Qc5 Nf7 33. Nxf7 Qxf7 34. Qxa7 h5 35. Qa8+ Kh7 36. Qa6 h4 37. Ne2 g4 38. Qd3 gxf3 39. gxf3 Bf8 40. Kg2 Bd6 41. Bc1 Qg6+ 42. Kf1 Qh5 43. Kf2 Qg6 44. Qe3 f4 45. Nxf4 Qg3+ 46. Ke2 Qh2+ 47. Kd3 Bxf4 48. Qxf4 Qxa2 49. Qxh4+ Kg8 50. Qd8+ Kf7 51. Qxc7+ Ke8 52. Qc8+ Kf7 53. Qc7+ Kf6 54. Qd6+ Kf7 55. Qf4+ Ke6 56. Ke3 Qxb3+ 57. Kf2 Qc2+ 58. Kg3 Qd1 59. Be3 Qe1+ 60. Bf2 Qh1 61. Qe5+ Kd7 62. h4 Be6 63. Qg7+ Kc8 64. Qe5 Kd7 65. h5 Qh3+ 66. Kf4 Bf7 67. Qf5+ 1/2-1/2

[Event "OLNW 2324 Delmenhorster SK - SK Nordhorn"]
[Site "?"]
[Date "2024.04.28"]
[Round "9.6"]
[White "Chokhonelidze, Giorgi"]
[Black "Bierenbroodspot, Paul"]
[Result "1/2-1/2"]
[WhiteElo "2267"]
[BlackElo "2101"]
[PlyCount "79"]
[EventDate "2024.??.??"]

1. Nf3 d5 2. c4 c6 3. b3 f6 4. d4 Bg4 5. cxd5 cxd5 6. e3 Nc6 7. Be2 e6 8. O-O Bd6 9. Ba3 Nh6 10. Bxd6 Qxd6 11. Nc3 f5 12. Rc1 O-O 13. Nb5 Qb8 14. Ng5 a6 15. Nc3 Qd6 16. f4 Bxe2 17. Qxe2 Nf7 18. Nf3 Rac8 19. Qb2 b5 20. Ne1 Na5 21. Nd3 Nb7 22. Rc2 Rc7 23. Rfc1 Rfc8 24. Ne2 Qb6 25. Rxc7 Rxc7 26. Rxc7 Qxc7 27. Qc1 Qxc1+ 28. Nexc1 a5 29. a3 Kf8 30. Nc5 Nbd8 31. N1d3 Ke7 32. Kf2 Nd6 33. Ke2 a4 34. bxa4 bxa4 35. Nb2 Nb5 36. Nbxa4 Nxa3 37. Nb6 Nc6 38. Nc8+ Kd8 39. Nd6 Ke7 40. Nc8+ 1/2-1/2

[Event "OLNW 2324 Delmenhorster SK - SK Nordhorn"]
[Site "?"]
[Date "2024.04.28"]
[Round "9.7"]
[White "Hoellman, Ludger"]
[Black "Margraf, Daniel"]
[Result "0-1"]
[WhiteElo "2047"]
[BlackElo "2231"]
[PlyCount "49"]
[EventDate "2024.??.??"]

1. d4 Nf6 2. Nf3 b6 3. g3 Bb7 4. Bg2 e6 5. O-O Be7 6. c4 O-O 7. Nc3 Ne4 8. Qc2 Nxc3 9. Qxc3 d6 10. Rd1 Nd7 11. b4 c5 12. Bb2 Bf6 13. Qb3 Qc7 14. Rac1 Rfd8 15. a3 Rac8 16. e3 Be4 17. Ne1 Bxg2 18. Nxg2 cxd4 19. exd4 Qb7 20. Ne3 Qf3 21. Rd3 Qe4 22. Re1 a6 23. Rdd1 b5 24. c5 dxc5 25. dxc5 0-1

[Event "OLNW 2324 Delmenhorster SK - SK Nordhorn"]
[Site "?"]
[Date "2024.04.28"]
[Round "9.8"]
[White "Meyer, Thorsten"]
[Black "Plasman, Hans"]
[Result "1/2-1/2"]
[WhiteElo "1947"]
[BlackElo "2095"]
[PlyCount "81"]
[EventDate "2024.??.??"]

1. e4 e5 2. Nf3 Nc6 3. Bc4 d6 4. O-O Be7 5. c3 Nf6 6. d3 O-O 7. Ne1 d5 8. exd5 Nxd5 9. Bxd5 Qxd5 10. f4 b6 11. Qf3 Qxf3 12. Nxf3 Rd8 13. fxe5 Rxd3 14. Bf4 Bc5+ 15. Kh1 Nd8 16. Nbd2 Ne6 17. Bg3 Bb7 18. Nb3 Be3 19. Ne1 Rd7 20. Nc2 Bg5 21. Rad1 Rad8 22. Rxd7 Rxd7 23. Ncd4 Nf8 24. Re1 Bd5 25. Kg1 a6 26. Kf2 g6 27. Nf3 Bxf3 28. Kxf3 Ne6 29. Ke4 Be7 30. Bf4 Kf8 31. Be3 Ke8 32. Rf1 Bf8 33. Rf2 Rd1 34. Re2 Be7 35. Kf3 Kd7 36. Rd2+ Rxd2 37. Bxd2 Nc5 38. Nxc5+ Bxc5 39. Ke4 Ke6 40. Bg5 b5 41. h3 1/2-1/2

[Event "OLNW 2324 SV Hellern - SV Werder Bremen"]
[Site "?"]
[Date "2024.04.28"]
[Round "9.1"]
[White "Kardoeus, David"]
[Black "Gronde, Ingo"]
[Result "0-1"]
[WhiteElo "2187"]
[BlackElo "2305"]
[PlyCount "91"]
[EventDate "2024.??.??"]

1. d4 e6 2. c4 f5 3. Nc3 Nf6 4. Nf3 Bb4 5. Qb3 a5 6. a3 a4 7. Qc2 Bxc3+ 8. Qxc3 b6 9. b4 axb3 10. Nd2 O-O 11. f3 Bb7 12. g3 Qe7 13. Bg2 c5 14. O-O Nc6 15. Nxb3 cxd4 16. Nxd4 Qc5 17. e3 Ra4 18. Bb2 Rxc4 19. Qb3 Na5 20. Qd3 Rc8 21. Rfd1 Nd5 22. Bf1 Nc3 23. Rd2 Qd5 24. Re1 Na4 25. Ba1 Rc1 26. Rdd1 Rxd1 27. Qxd1 Nc5 28. Qb1 Nc6 29. e4 fxe4 30. fxe4 Qg5 31. Nf3 Qh5 32. Qxb6 d6 33. Bg2 e5 34. Nh4 g6 35. Bh3 Rf8 36. Qc7 Rf6 37. Bb2 Qh6 38. Bf1 Qd2 39. Re2 Qd1 40. Rf2 Rxf2 41. Kxf2 Qc2+ 42. Kg1 Nxe4 43. Qb6 d5 44. Bh3 Qd1+ 45. Kg2 Qe2+ 46. Kg1 0-1

[Event "OLNW 2324 SV Hellern - SV Werder Bremen "]
[Site "?"]
[Date "2024.04.28"]
[Round "9.2"]
[White "Lehmann, Holger"]
[Black "Steffens, Olaf"]
[Result "1/2-1/2"]
[WhiteElo "2121"]
[BlackElo "2175"]
[PlyCount "141"]
[EventDate "2024.??.??"]

1. d4 Nc6 2. d5 Nb8 3. e4 d6 4. c4 g6 5. Bd3 Bg7 6. h3 Nf6 7. Nc3 Nbd7 8. Bg5 Nc5 9. Bc2 a5 10. Qd2 O-O 11. Nf3 e5 12. g4 c6 13. Nh2 cxd5 14. cxd5 b5 15. f3 b4 16. Ne2 h6 17. Be3 Nfd7 18. h4 Qxh4+ 19. Bf2 Qg5 20. Be3 Qh4+ 21. Bf2 Qe7 22. Nf1 Ba6 23. Be3 f6 24. Bxh6 Bxh6 25. Qxh6 Qg7 26. Kd2 Qxh6+ 27. Rxh6 Kg7 28. Rh1 Nb6 29. Ne3 Nca4 30. b3 Bxe2 31. Kxe2 Nc3+ 32. Kd2 Nb5 33. Bd1 Nd4 34. Rc1 Rfc8 35. Be2 a4 36. Rxc8 Nxc8 37. Bd1 axb3 38. axb3 Nb6 39. Kd3 Ra1 40. Nc4 Nd7 41. Nxd6 Rc1 42. Ne8+ Kf7 43. Nd6+ Kg8 44. Nb7 Nxb3 45. Bxb3 Rxh1 46. Kc4 Rf1 47. Kxb4 Rxf3 48. d6+ Kg7 49. Be6 Nf8 50. Bd5 Rg3 51. Nc5 Rxg4 52. d7 Nxd7 53. Nxd7 Rg3 54. Kc4 Re3 55. Nc5 Kh6 56. Be6 Kh5 57. Kd5 g5 58. Nd7 Rd3+ 59. Kc4 Rf3 60. Bf5 Rxf5 61. exf5 Kg4 62. Nxf6+ Kxf5 63. Nd5 Ke4 64. Nf6+ Kf5 65. Nd5 g4 66. Kd3 g3 67. Ke2 Kg4 68. Ne3+ Kh3 69. Kf3 e4+ 70. Kxe4 g2 71. Nxg2 1/2-1/2

[Event "OLNW 2324 SV Hellern - SV Werder Bremen "]
[Site "?"]
[Date "2024.04.28"]
[Round "9.3"]
[White "Buchal, Stephan"]
[Black "Happe, Reinhold"]
[Result "1-0"]
[WhiteElo "2182"]
[BlackElo "2085"]
[PlyCount "89"]
[EventDate "2024.??.??"]

1. c4 e6 2. g3 d5 3. Bg2 Nf6 4. Nf3 d4 5. O-O Be7 6. b4 O-O 7. Bb2 c5 8. d3 Nc6 9. b5 Nb8 10. e3 a6 11. exd4 axb5 12. cxb5 Nbd7 13. Nbd2 cxd4 14. Bxd4 Nb6 15. a4 Nbd5 16. Qb3 Nd7 17. Rfc1 Bf6 18. Bxf6 Qxf6 19. d4 Rd8 20. a5 Qe7 21. Nc4 Rb8 22. Nfe5 Nxe5 23. dxe5 Qb4 24. Rab1 Qxb3 25. Rxb3 Ne7 26. Nd6 Nd5 27. Bxd5 exd5 28. Rc7 d4 29. Rd3 Be6 30. Rxd4 Ra8 31. Ra4 b6 32. a6 f6 33. f4 fxe5 34. fxe5 Bd5 35. Rd4 Be6 36. Kf2 h6 37. Ke3 g5 38. h4 Rf8 39. hxg5 hxg5 40. Re7 Bh3 41. Ne4 Rf5 42. Nf6+ Kf8 43. Rdd7 Rxf6 44. exf6 Bxd7 45. Rxd7 1-0

[Event "OLNW 2324 SV Hellern - SV Werder Bremen "]
[Site "?"]
[Date "2024.04.28"]
[Round "9.4"]
[White "Hart, Martin"]
[Black "Franke, Reiner"]
[Result "1-0"]
[WhiteElo "2063"]
[BlackElo "2163"]
[PlyCount "55"]
[EventDate "2024.??.??"]

1. e4 c5 2. Nc3 Nc6 3. g3 g6 4. Bg2 Bg7 5. d3 e5 6. Nh3 Nge7 7. O-O d6 8. f4 O-O 9. f5 f6 10. g4 g5 11. Nxg5 fxg5 12. Bxg5 h6 13. Be3 Nd4 14. Qd2 Kh7 15. Rf2 Ng8 16. Raf1 Bf6 17. Nd5 Bh4 18. c3 Nc6 19. Rf3 Nce7 20. Rh3 Nxd5 21. exd5 Kg7 22. Be4 Bd7 23. Kh1 Nf6 24. Bxh6+ Kf7 25. Bxf8 Nxe4 26. dxe4 Bg5 27. Rh7+ Kf6 28. Bg7+ 1-0

[Event "OLNW 2324 SV Hellern - SV Werder Bremen "]
[Site "?"]
[Date "2024.04.28"]
[Round "9.5"]
[White "Diederichsen, Detlev"]
[Black "Stock, Joerg"]
[Result "1/2-1/2"]
[WhiteElo "2140"]
[BlackElo "2097"]
[PlyCount "118"]
[EventDate "2024.??.??"]

1. d4 Nf6 2. Nf3 d5 3. c4 e6 4. g3 Be7 5. Bg2 O-O 6. O-O dxc4 7. Qc2 a6 8. Qxc4 b5 9. Qc2 Bb7 10. Bf4 Bd6 11. Bd2 Be4 12. Qc1 Nbd7 13. b4 Nd5 14. a3 N5b6 15. Nc3 Bb7 16. Qc2 Bxf3 17. Bxf3 Rb8 18. Rfd1 Nc4 19. Be1 Ndb6 20. Be4 f5 21. Bd3 Qf6 22. e4 Qg5 23. e5 Be7 24. Bf1 Qh6 25. Bg2 Rbd8 26. Qe2 f4 27. Ne4 Nd5 28. Nc5 Bxc5 29. dxc5 c6 30. a4 Rf5 31. axb5 axb5 32. Ra6 Nxe5 33. Be4 f3 34. Qf1 Rh5 35. Bd2 Qf6 36. Rda1 Nc7 37. R6a2 Rd4 38. Re1 Nd5 39. Ra8+ Kf7 40. Ra7+ Ne7 41. Bf4 Rxb4 42. h4 h6 43. Re3 Ng4 44. Qe1 Ra4 45. Rxa4 bxa4 46. Rxf3 Nf5 47. Qd1 Qd4 48. Qc2 Nf6 49. Bd3 a3 50. Bc1 Qb4 51. Bxf5 Rxf5 52. Rxa3 Qxc5 53. Rc3 Qe5 54. Rxc6 Qe1+ 55. Kg2 Qe4+ 56. Qxe4 Nxe4 57. Be3 Rd5 58. Rc4 Nf6 59. Kf3 h5 1/2-1/2

[Event "OLNW 2324 SV Hellern - SV Werder Bremen "]
[Site "?"]
[Date "2024.04.28"]
[Round "9.6"]
[White "Bade, Hans-Juergen"]
[Black "Schat, Carlos"]
[Result "1/2-1/2"]
[WhiteElo "1976"]
[BlackElo "1996"]
[PlyCount "71"]
[EventDate "2024.??.??"]

1. e4 c5 2. Nc3 e6 3. f4 d5 4. Nf3 Nf6 5. e5 Nfd7 6. g3 Nc6 7. Bg2 Be7 8. O-O b6 9. d3 Bb7 10. Qe2 Qc7 11. Bd2 Nb4 12. Nb5 Qb8 13. c3 Nc6 14. a4 a6 15. Na3 Qc7 16. Rac1 g6 17. b4 Bf8 18. Kh1 h5 19. bxc5 Nxc5 20. Nc2 Nxa4 21. c4 dxc4 22. dxc4 Nc5 23. Bc3 Be7 24. Rfd1 O-O 25. Nfd4 Nxd4 26. Nxd4 Rfd8 27. g4 hxg4 28. Qxg4 Ne4 29. Be1 Bc5 30. Nxe6 fxe6 31. Qxg6+ Qg7 32. Qxe6+ Kh8 33. Qh3+ Kg8 34. Qe6+ Kh8 35. Qh3+ Kg8 36. Qe6+ 1/2-1/2